| 000 | 00776nam a2200241Ia 4500 | ||
|---|---|---|---|
| 003 | OSt | ||
| 005 | 20220926021836.0 | ||
| 006 | a|||||r|||| 00| 0 | ||
| 007 | ta | ||
| 008 | 220923b |||||||| |||| 00| 0 eng d | ||
| 037 | _cGeneral Book | ||
| 040 |
_aRTL _cRTL _beng |
||
| 041 |
_2eng _aeng |
||
| 082 | _aVIn45,933:8.N78, L8,18 UN | ||
| 110 |
_aUNITED NATIONS, GENERAL ASSEMBLY . _999298 |
||
| 245 | 0 |
_aElimination of racial discrimination _b report . |
|
| 260 |
_aNew York _bUnited Nations |
||
| 300 |
_aviii,121p _ccm. |
||
| 500 | _aOfficial records: 33rd sessioin .; Supp.no. 18(A/33/18) | ||
| 700 |
_aUNITED NATIONS, GENERAL ASSEMBLY . _999299 |
||
| 942 |
_hVIn45,933:8.N78, L8,18 UN _cGB _2CC |
||
| 999 |
_c637798 _d637798 |
||